000 00330nam a22001577a 4500
003 SGT
020 _a9788178556406
082 _a616.01
_bM21B
100 _aBAVEJA, CP.
245 _aTB. OF MICROBIOLOGY
250 _a6TH
260 _aINDIA
_bARYA PUB
_c2021
300 _a700
650 _aMICROBIOLOGY
942 _2ddc
_cBK
_026
999 _c20966
_d20966